[Event "Toronto Closed"]
[Site "Toronto CAN"]
[Date "1997.01.15"]
[Round "1"]
[White "Nickoloff, Bryon"]
[Black "Frilles, Ruperto"]
[Result "1-0"]
[WhiteElo "2499"]
[BlackElo "2224"]
[PlyCount "65"]
[GameId "2160767911999490"]
[EventDate "1997.01.15"]
[EventType "tourn"]
[EventRounds "11"]
[EventCountry "CAN"]
[SourceTitle "EXT 97"]
[Source "ChessBase"]
[SourceDate "1997.11.17"]
[SourceVersion "1"]
[SourceVersionDate "1997.11.17"]
[SourceQuality "1"]

1. d4 Nf6 2. c4 d6 3. Nf3 g6 4. Nc3 Bg7 5. e4 O-O 6. Be2 Nc6 7. d5 Nb8 8. O-O e5 9. dxe6 Bxe6 10. Nd4 Bd7 11. Be3 Nc6 12. Qd2 Re8 13. f3 a6 14. Rfe1 Nxd4 15. Bxd4 h6 16. Rac1 Bc6 17. b4 b6 18. Bf1 g5 19. Nd5 Bxd5 20. cxd5 g4 21. Kh1 Qe7 22. Qc3 gxf3 23. gxf3 Nh5 24. Bxg7 Nxg7 25. Bh3 Qh4 26. Rg1 Re5 27. Bg4 h5 28. f4 hxg4 29. fxe5 dxe5 30. Qxe5 Re8 31. Qf4 f5 32. exf5 Re2 33. Rxc7 1-0

[Event "Toronto Closed"]
[Site "Toronto CAN"]
[Date "1997.01.15"]
[Round "1"]
[White "Veltmann, Martin"]
[Black "Ochkoos, Jura"]
[Result "0-1"]
[WhiteElo "2241"]
[BlackElo "2329"]
[PlyCount "60"]
[GameId "2160767911999491"]
[EventDate "1997.01.15"]
[EventType "tourn"]
[EventRounds "11"]
[EventCountry "CAN"]
[SourceTitle "EXT 97"]
[Source "ChessBase"]
[SourceDate "1997.11.17"]
[SourceVersion "1"]
[SourceVersionDate "1997.11.17"]
[SourceQuality "1"]

1. c4 Nf6 2. Nc3 e5 3. g3 d6 4. Bg2 g6 5. Nf3 Bg7 6. O-O O-O 7. d4 Nbd7 8. dxe5 dxe5 9. b3 Re8 10. Bb2 c6 11. Qc2 Qc7 12. Rad1 Nc5 13. Ba3 Bf8 14. Qc1 e4 15. Nd4 Qe5 16. Qf4 Qxf4 17. gxf4 e3 18. Nc2 exf2+ 19. Rxf2 Bf5 20. Nd4 Be4 21. Bf3 Bxf3 22. Rxf3 Rad8 23. Bb2 Nfe4 24. Nxe4 Rxe4 25. e3 f5 26. Rg3 Kf7 27. Rb1 Nd3 28. Bc3 Bg7 29. b4 Nxf4 30. Rf3 Bxd4 0-1

[Event "Toronto Closed"]
[Site "Toronto CAN"]
[Date "1997.01.18"]
[Round "2"]
[White "Fiedler, Brian"]
[Black "Livshits, Ron"]
[Result "0-1"]
[WhiteElo "2278"]
[BlackElo "2490"]
[PlyCount "48"]
[GameId "2160767911999493"]
[EventDate "1997.01.15"]
[EventType "tourn"]
[EventRounds "11"]
[EventCountry "CAN"]
[SourceTitle "EXT 97"]
[Source "ChessBase"]
[SourceDate "1997.11.17"]
[SourceVersion "1"]
[SourceVersionDate "1997.11.17"]
[SourceQuality "1"]

1. Nf3 Nf6 2. c4 e6 3. g3 b6 4. Bg2 Bb7 5. O-O Be7 6. Nc3 O-O 7. Re1 d5 8. cxd5 Nxd5 9. e4 Nxc3 10. bxc3 c5 11. d4 Nd7 12. e5 Rc8 13. Qe2 Rc7 14. h4 Qa8 15. h5 Rfc8 16. Nh4 cxd4 17. cxd4 Bxh4 18. Bxb7 Qxb7 19. gxh4 Rc4 20. Rd1 Qd5 21. Bb2 Rc2 22. Rac1 Rxe2 23. Rxc8+ Nf8 24. Ba3 h6 0-1

[Event "Toronto Closed"]
[Site "Toronto CAN"]
[Date "1997.01.18"]
[Round "2"]
[White "Frilles, Ruperto"]
[Black "Veltmann, Martin"]
[Result "1-0"]
[WhiteElo "2224"]
[BlackElo "2241"]
[PlyCount "92"]
[GameId "2160767911999494"]
[EventDate "1997.01.15"]
[EventType "tourn"]
[EventRounds "11"]
[EventCountry "CAN"]

1. c4 Nf6 2. Nf3 g6 3. g3 Bg7 4. Bg2 O-O 5. Nc3 d6 6. d3 e5 7. O-O Nc6 8. h3 Nh5 9. Rb1 a5 10. a3 f5 11. Ng5 f4 12. Bd5+ Kh8 13. Nce4 Qe7 14. g4 Nf6 15. Nxf6 Qxf6 16. Nf3 h5 17. Nh2 Qh4 18. f3 Qxh3 19. Rf2 e4 20. b3 hxg4 21. Nxg4 Bd4 22. e3 fxe3 23. Nxe3 Qg3+ 24. Rg2 Qxf3 25. Qe1 Bh3 26. Bxe4 Ne5 27. Qh4+ Qh5 28. Qxh5+ gxh5 29. Rg3 Rf1+ 30. Kh2 Bxe3 31. Bxe3 Rxb1 32. Kxh3 Rg8 33. Bg5 Rf1 34. Kh4 Rf2 35. Rh3 Ng4 36. Bf3 Kg7 37. Kg3 Rf1 38. Kg2 Re1 39. Bd2 Rb1 40. Bc3+ Ne5 41. Bd5 Rf8 42. Rg3+ Kf6 43. c5 c6 44. Be4 Ke7 45. cxd6+ Kxd6 46. d4 Ng4 1-0

[Event "Toronto Closed"]
[Site "Toronto CAN"]
[Date "1997.01.18"]
[Round "2"]
[White "McGarrett, Ian"]
[Black "Findlay, Ian"]
[Result "0-1"]
[WhiteElo "2303"]
[BlackElo "2391"]
[PlyCount "54"]
[GameId "2160767911999495"]
[EventDate "1997.01.15"]
[EventType "tourn"]
[EventRounds "11"]
[EventCountry "CAN"]
[SourceTitle "EXT 97"]
[Source "ChessBase"]
[SourceDate "1997.11.17"]
[SourceVersion "1"]
[SourceVersionDate "1997.11.17"]
[SourceQuality "1"]

1. Nf3 Nf6 2. g3 d5 3. Bg2 e6 4. c4 Be7 5. O-O O-O 6. d4 dxc4 7. Qa4 a6 8. Qxc4 b5 9. Qc2 Bb7 10. Nbd2 Nbd7 11. Rd1 c5 12. dxc5 Bxc5 13. Nb3 Bb6 14. Bg5 Rc8 15. Qd3 Be4 16. Qd2 Qc7 17. Qf4 Qa7 18. Rxd7 Bxf2+ 19. Kf1 Nxd7 20. Qxe4 h6 21. Be7 Rfe8 22. Bd6 Nf6 23. Qd3 Red8 24. Ne5 Bg1 25. e3 Bxe3 26. Nc6 Rxc6 27. Bxc6 Qb6 0-1

[Event "Toronto Closed"]
[Site "Toronto CAN"]
[Date "1997.01.18"]
[Round "2"]
[White "Ochkoos, Jura"]
[Black "Kret, Ted"]
[Result "1-0"]
[WhiteElo "2329"]
[BlackElo "2204"]
[PlyCount "173"]
[GameId "2160767911999496"]
[EventDate "1997.01.15"]
[EventType "tourn"]
[EventRounds "11"]
[EventCountry "CAN"]
[SourceTitle "EXT 97"]
[Source "ChessBase"]
[SourceDate "1997.11.17"]
[SourceVersion "1"]
[SourceVersionDate "1997.11.17"]
[SourceQuality "1"]

1. e4 e6 2. d4 d5 3. e5 c5 4. dxc5 Bxc5 5. Bd3 Qc7 6. Nf3 Nc6 7. Qe2 Nge7 8. Bf4 Ng6 9. Bg3 Bd7 10. c3 a6 11. Nbd2 O-O 12. h4 Rac8 13. h5 Nge7 14. b4 Bb6 15. Ng5 h6 16. Nh7 Rfe8 17. Nf6+ gxf6 18. exf6 e5 19. fxe7 Nxe7 20. Bxe5 Qc6 21. a4 f6 22. b5 Qe6 23. Bd4 Nf5 24. Qxe6+ Rxe6+ 25. Kf1 Nxd4 26. cxd4 Bxd4 27. Rd1 axb5 28. axb5 Rb6 29. Nf3 Bb2 30. Rh4 Rc3 31. Rb4 Ba3 32. Rbb1 Bc5 33. Be2 Bf5 34. Ra1 Rd6 35. Nd4 Bd7 36. Rab1 b6 37. Bf3 Ra3 38. Be2 Ra2 39. Nf3 Ba3 40. Nd4 Bc5 41. Rb3 Ra4 42. Rbd3 Rb4 43. Nc6 Rf4 44. Bf3 d4 45. Ra1 Bf5 46. Ne7+ Kf8 47. Nxf5 Rxf5 48. Ra8+ Ke7 49. Ra7+ Kd8 50. Rh7 Bb4 51. Rxh6 Rxb5 52. Rg6 Re5 53. g3 Bc3 54. h6 Re7 55. Rg7 f5 56. Rg5 Rxh6 57. Rxf5 Re1+ 58. Kg2 Rhh1 59. Bg4 Rhg1+ 60. Kf3 Rb1 61. Ke4 b5 62. Kd5 Kc7 63. Kc5 Rge1 64. Rf7+ Kd8 65. Rdf3 Re7 66. Rf8+ Kc7 67. Rc8+ Kb7 68. Rff8 Rc7+ 69. Rxc7+ Kxc7 70. Rf7+ Kd8 71. Bf5 Rb2 72. f4 Rg2 73. g4 Ke8 74. Rb7 b4 75. g5 Rf2 76. g6 Rxf4 77. Bd3 Rg4 78. g7 Rg5+ 79. Kd6 b3 80. g8=Q+ Rxg8 81. Rb8+ Kf7 82. Bc4+ Kf6 83. Rxg8 b2 84. Bd3 Kf7 85. Rg2 Kf6 86. Kd5 Kf7 87. Rg6 1-0

[Event "Toronto Closed"]
[Site "Toronto CAN"]
[Date "1997.01.18"]
[Round "2"]
[White "Williams, Paul"]
[Black "Nickoloff, Bryon"]
[Result "1-0"]
[WhiteElo "2229"]
[BlackElo "2499"]
[PlyCount "83"]
[GameId "2160767911999497"]
[EventDate "1997.01.15"]
[EventType "tourn"]
[EventRounds "11"]
[EventCountry "CAN"]
[SourceTitle "EXT 97"]
[Source "ChessBase"]
[SourceDate "1997.11.17"]
[SourceVersion "1"]
[SourceVersionDate "1997.11.17"]
[SourceQuality "1"]

1. d4 Nf6 2. c4 e6 3. Nc3 Bb4 4. e3 O-O 5. Bd3 c5 6. Nf3 d5 7. O-O b6 8. cxd5 exd5 9. dxc5 bxc5 10. Ne2 Ne4 11. b3 Qe7 12. Bb2 Nd7 13. a3 Ba5 14. Ng3 Ndf6 15. b4 cxb4 16. axb4 Bxb4 17. Nd4 Nxg3 18. hxg3 Bc5 19. Nf5 Bxf5 20. Bxf5 Rfd8 21. Ra6 Bb6 22. Qa1 Ne8 23. Bd4 Nc7 24. Bxg7 Nxa6 25. Bf6 Qd6 26. Be5 Qe7 27. Bf6 Qd6 28. Be5 Qh6 29. Bf4 Qg7 30. Qxa6 d4 31. exd4 Qxd4 32. Qb5 Rd5 33. Qb1 Rxf5 34. Qxf5 Re8 35. Qg5+ Qg7 36. Qb5 Rd8 37. Bg5 Rc8 38. Qd7 Qc3 39. Bf6 Qc4 40. Qf5 Rc5 41. Re1 Qa4 42. Qg4+ 1-0

[Event "Toronto Closed"]
[Site "Toronto CAN"]
[Date "1997.01.18"]
[Round "2"]
[White "Zugic, Igor"]
[Black "Day, Lawrence"]
[Result "1-0"]
[WhiteElo "2286"]
[BlackElo "2510"]
[PlyCount "65"]
[GameId "2160767911999498"]
[EventDate "1997.01.15"]
[EventType "tourn"]
[EventRounds "11"]
[EventCountry "CAN"]
[SourceTitle "EXT 97"]
[Source "ChessBase"]
[SourceDate "1997.11.17"]
[SourceVersion "1"]
[SourceVersionDate "1997.11.17"]
[SourceQuality "1"]

1. d4 g6 2. c4 Bg7 3. Nf3 d6 4. g3 Nf6 5. Bg2 O-O 6. O-O Nbd7 7. Nc3 c6 8. e4 e5 9. h3 Qa5 10. Qc2 exd4 11. Nxd4 Qc5 12. Nce2 Nb6 13. b3 Re8 14. Be3 Qh5 15. Rad1 Qe5 16. Nc3 Qe7 17. Rfe1 Qc7 18. f4 a6 19. Bf2 Bd7 20. a4 a5 21. Rd2 Rad8 22. Red1 Bc8 23. Ndb5 cxb5 24. Nxb5 Qc6 25. Rxd6 Rxd6 26. Rxd6 Nxe4 27. Rxc6 Nxf2 28. Rxc8 Nxh3+ 29. Bxh3 Nxc8 30. Qd2 f5 31. Bg2 b6 32. Qd7 Kf8 33. Nc7 1-0

[Event "Toronto Closed"]
[Site "Toronto CAN"]
[Date "1997.01.22"]
[Round "3"]
[White "Day, Lawrence"]
[Black "Livshits, Ron"]
[Result "1/2-1/2"]
[WhiteElo "2510"]
[BlackElo "2490"]
[PlyCount "71"]
[GameId "2160767911999499"]
[EventDate "1997.01.15"]
[EventType "tourn"]
[EventRounds "11"]
[EventCountry "CAN"]
[SourceTitle "EXT 97"]
[Source "ChessBase"]
[SourceDate "1997.11.17"]
[SourceVersion "1"]
[SourceVersionDate "1997.11.17"]
[SourceQuality "1"]

1. e4 c5 2. Nc3 e6 3. Nf3 Nc6 4. Bb5 Nge7 5. O-O a6 6. Bxc6 Nxc6 7. d4 cxd4 8. Nxd4 Qc7 9. Nxc6 bxc6 10. b3 Be7 11. Bb2 d6 12. Qg4 Bf6 13. Qg3 Bb7 14. Na4 Bxb2 15. Nxb2 O-O 16. Rad1 Rad8 17. Nc4 e5 18. f4 d5 19. Nxe5 dxe4 20. Qc3 Rxd1 21. Rxd1 f6 22. Qc4+ Kh8 23. Qc5 Re8 24. Rd7 Qc8 25. Nf7+ Kg8 26. Qf5 e3 27. Kf1 c5 28. Nd6 Bxg2+ 29. Ke1 g6 30. Qg4 f5 31. Nxf5 Bf3 32. Nh6+ Kh8 33. Nf7+ Kg8 34. Nh6+ Kh8 35. Nf7+ Kg8 36. Nh6+ 1/2-1/2

[Event "Toronto Closed"]
[Site "Toronto CAN"]
[Date "1997.01.22"]
[Round "3"]
[White "Findlay, Ian"]
[Black "Zugic, Igor"]
[Result "1-0"]
[WhiteElo "2381"]
[BlackElo "2286"]
[PlyCount "81"]
[GameId "2160767911999500"]
[EventDate "1997.01.15"]
[EventType "tourn"]
[EventRounds "11"]
[EventCountry "CAN"]
[SourceTitle "EXT 97"]
[Source "ChessBase"]
[SourceDate "1997.11.17"]
[SourceVersion "1"]
[SourceVersionDate "1997.11.17"]
[SourceQuality "1"]

1. e4 e6 2. d4 d5 3. Nd2 Nf6 4. e5 Nfd7 5. Bd3 c5 6. c3 Nc6 7. Ngf3 Qb6 8. O-O g6 9. dxc5 Qc7 10. Nb3 Ndxe5 11. Nxe5 Nxe5 12. Bf4 Bg7 13. Re1 f6 14. c4 O-O 15. Rc1 Qf7 16. cxd5 exd5 17. Nd4 a6 18. b4 Bd7 19. Bc2 Rfe8 20. Bb3 Kh8 21. h3 h6 22. Qd2 g5 23. Bg3 Rad8 24. f4 Nc6 25. Bf2 Bc8 26. a3 Qg6 27. Rxe8+ Qxe8 28. Re1 Qg6 29. Bc2 f5 30. fxg5 Nxd4 31. Bxd4 Qxg5 32. Qc3 Bxd4+ 33. Qxd4+ Qg7 34. Qf4 d4 35. Bd3 Rg8 36. Re2 Rd8 37. a4 Qg5 38. Qc7 Qf6 39. b5 axb5 40. axb5 Kg8 41. Re7 1-0

[Event "Toronto Closed"]
[Site "Toronto CAN"]
[Date "1997.01.22"]
[Round "3"]
[White "Kret, Ted"]
[Black "Frilles, Ruperto"]
[Result "1-0"]
[WhiteElo "2204"]
[BlackElo "2224"]
[PlyCount "73"]
[GameId "2160767911999501"]
[EventDate "1997.01.15"]
[EventType "tourn"]
[EventRounds "11"]
[EventCountry "CAN"]
[SourceTitle "EXT 97"]
[Source "ChessBase"]
[SourceDate "1997.11.17"]
[SourceVersion "1"]
[SourceVersionDate "1997.11.17"]
[SourceQuality "1"]

1. d4 Nf6 2. c4 e6 3. Nf3 d5 4. Bg5 Be7 5. Nc3 Nbd7 6. e3 c6 7. Qc2 a6 8. cxd5 exd5 9. Bd3 h6 10. Bf4 b5 11. h3 Bb7 12. Rd1 c5 13. dxc5 Nxc5 14. O-O b4 15. Na4 Nxd3 16. Rxd3 Rc8 17. Qb3 Bc6 18. Nd4 Bb5 19. Nf5 Qa5 20. Nxe7 Kxe7 21. Rxd5 Qxa4 22. Bd6+ Ke6 23. Re5+ Kxd6 24. Qxf7 Bxf1 25. Qe7+ Kc6 26. Re6+ Kb5 27. Qd6 Qxa2 28. b3 Qxb3 29. Qxa6+ Kc5 30. Qd6+ Kc4 31. Qd4+ Kb5 32. Qb6+ Kc4 33. Qd4+ Kb5 34. Re5+ Ka6 35. Qd6+ Kb7 36. Re7+ Ka8 37. Qb6 1-0

[Event "Toronto Closed"]
[Site "Toronto CAN"]
[Date "1997.01.22"]
[Round "3"]
[White "Nickoloff, Bryon"]
[Black "McGarrett, Ian"]
[Result "1-0"]
[WhiteElo "2499"]
[BlackElo "2303"]
[PlyCount "81"]
[GameId "2160767911999502"]
[EventDate "1997.01.15"]
[EventType "tourn"]
[EventRounds "11"]
[EventCountry "CAN"]
[SourceTitle "EXT 97"]
[Source "ChessBase"]
[SourceDate "1997.11.17"]
[SourceVersion "1"]
[SourceVersionDate "1997.11.17"]
[SourceQuality "1"]

1. d4 Nf6 2. c4 e6 3. Nf3 Bb4+ 4. Bd2 c5 5. Bxb4 cxb4 6. g3 Qc7 7. Nbd2 O-O 8. Bg2 d6 9. Rc1 b6 10. Nf1 Bb7 11. Ne3 Nbd7 12. O-O Rac8 13. Qb3 a5 14. a3 bxa3 15. Qxa3 Ne4 16. b4 f5 17. bxa5 bxa5 18. Rb1 Ra8 19. Ng5 Rf6 20. Qd3 d5 21. cxd5 Ba6 22. Qa3 Nxg5 23. dxe6 Rd8 24. Rfc1 Qa7 25. Qxa5 Nxe6 26. d5 Nd4 27. Qxd8+ Rf8 28. Qc7 Nxe2+ 29. Kh1 Qd4 30. Rd1 Bd3 31. Qxd7 f4 32. gxf4 Nxf4 33. Qg4 Qe5 34. Qg3 Bxb1 35. Rxb1 h5 36. Rd1 g5 37. d6 h4 38. Qg4 h3 39. Bxh3 Nxh3 40. Qxh3 Rxf2 41. d7 1-0

[Event "Toronto Closed"]
[Site "Toronto CAN"]
[Date "1997.01.22"]
[Round "3"]
[White "Ochkoos, Jura"]
[Black "Fiedler, Brian"]
[Result "1-0"]
[WhiteElo "2329"]
[BlackElo "2278"]
[PlyCount "71"]
[GameId "2160767911999503"]
[EventDate "1997.01.15"]
[EventType "tourn"]
[EventRounds "11"]
[EventCountry "CAN"]
[SourceTitle "EXT 97"]
[Source "ChessBase"]
[SourceDate "1997.11.17"]
[SourceVersion "1"]
[SourceVersionDate "1997.11.17"]
[SourceQuality "1"]

1. e4 e5 2. f4 exf4 3. Nf3 d6 4. d4 g5 5. h4 g4 6. Ng5 h6 7. Nxf7 Kxf7 8. Bxf4 Nc6 9. Bc4+ Kg7 10. Nc3 Qf6 11. Be3 Nge7 12. Qd2 d5 13. Bxd5 Nxd5 14. Nxd5 Qd8 15. O-O-O a5 16. Rhf1 Be6 17. Nf4 Bf7 18. d5 Nb4 19. a3 Na6 20. e5 Rh7 21. h5 Kg8 22. e6 Be8 23. Ng6 Be7 24. Nxe7+ Qxe7 25. Bxh6 Bxh5 26. Bg5 Qc5 27. Be3 Qe7 28. Rf5 Bg6 29. Rg5 Rg7 30. Bd4 Nc5 31. Rxg4 Rf8 32. Qh6 Rf6 33. Rh1 Kf8 34. Qh8+ Rg8 35. Bxf6 Ne4 36. Rxg6 1-0

[Event "Toronto Closed"]
[Site "Toronto CAN"]
[Date "1997.01.22"]
[Round "3"]
[White "Veltmann, Martin"]
[Black "Williams, Paul"]
[Result "0-1"]
[WhiteElo "2241"]
[BlackElo "2229"]
[PlyCount "148"]
[GameId "2160767911999504"]
[EventDate "1997.01.15"]
[EventType "tourn"]
[EventRounds "11"]
[EventCountry "CAN"]
[SourceTitle "EXT 97"]
[Source "ChessBase"]
[SourceDate "1997.11.17"]
[SourceVersion "1"]
[SourceVersionDate "1997.11.17"]
[SourceQuality "1"]

1. c4 e5 2. Nc3 Nf6 3. Nf3 Nc6 4. g3 Bb4 5. Bg2 O-O 6. O-O Re8 7. d3 h6 8. e4 d6 9. a3 Bxc3 10. bxc3 Bd7 11. h3 a6 12. Nh4 b5 13. cxb5 axb5 14. Nf5 Bxf5 15. exf5 d5 16. c4 Nd4 17. cxd5 Nxd5 18. f6 Nc3 19. Qg4 Qxf6 20. Bxa8 Rxa8 21. Bb2 Qc6 22. f3 f5 23. Qh5 Nce2+ 24. Kh2 Qc2 25. Bxd4 Nf4+ 26. Rf2 Qxf2+ 27. Bxf2 Nxh5 28. Re1 Rxa3 29. Rxe5 Rxd3 30. Rxf5 Nf6 31. Rxb5 Rxf3 32. Kg2 Rc3 33. Bd4 Rc2+ 34. Kf3 Kf7 35. g4 Ne8 36. g5 Nd6 37. Ra5 hxg5 38. Rxg5 g6 39. Rc5 Rxc5 40. Bxc5 Kf6 41. Kg4 Nf5 42. h4 c6 43. Bb6 Nh6+ 44. Kf4 Nf7 45. Ke4 Ke6 46. Bf2 Kd6 47. Bd4 Nd8 48. Bf2 Ne6 49. Bg3+ Ke7 50. Be1 Nc5+ 51. Kd4 Nd7 52. Ke4 Ke6 53. Kf4 Nf6 54. Bf2 Nd7 55. Kg5 Kf7 56. Bd4 Nf8 57. Bc3 c5 58. Kg4 Nh7 59. Kf4 Ke6 60. Be1 Kd5 61. Bc3 Kc4 62. Bg7 Kd3 63. Kg4 c4 64. h5 g5 65. h6 c3 66. Bxc3 Kxc3 67. Kf5 Kd4 68. Kg6 g4 69. Kxh7 g3 70. Kh8 g2 71. h7 Ke5 72. Kg8 g1=Q+ 73. Kf8 Qf2+ 74. Kg8 Ke6 0-1

[Event "Toronto Closed"]
[Site "Toronto CAN"]
[Date "1997.01.25"]
[Round "4"]
[White "Fiedler, Brian"]
[Black "Day, Lawrence"]
[Result "0-1"]
[WhiteElo "2278"]
[BlackElo "2510"]
[PlyCount "78"]
[GameId "2160767911999505"]
[EventDate "1997.01.15"]
[EventType "tourn"]
[EventRounds "11"]
[EventCountry "CAN"]
[SourceTitle "EXT 97"]
[Source "ChessBase"]
[SourceDate "1997.11.17"]
[SourceVersion "1"]
[SourceVersionDate "1997.11.17"]
[SourceQuality "1"]

1. e4 d5 2. exd5 Qxd5 3. Nc3 Qa5 4. d4 Nf6 5. Nf3 Bf5 6. Bd2 c6 7. Bc4 e6 8. O-O Nbd7 9. Re1 Bb4 10. Ne5 Nxe5 11. dxe5 Nd5 12. Bxd5 cxd5 13. a3 Be7 14. Ne2 Qa4 15. Rc1 Rc8 16. Bc3 Bg5 17. f4 Bxf4 18. Nxf4 Qxf4 19. Bb4 Qg4 20. Qd2 Rc4 21. c3 Re4 22. Qf2 b6 23. Qf1 f6 24. exf6 gxf6 25. Bd6 Kf7 26. h3 Rxe1 27. Rxe1 Qc4 28. Qf3 Rg8 29. Rf1 Qh4 30. g3 Qxh3 31. Rf2 Qh6 32. Bf4 Qg6 33. Rh2 Bg4 34. Qf1 Qe4 35. Rh6 e5 36. Qa6 exf4 37. Qb7+ Ke8 38. Qb8+ Ke7 39. Qb7+ Bd7 0-1

[Event "Toronto Closed"]
[Site "Toronto CAN"]
[Date "1997.01.25"]
[Round "4"]
[White "Frilles, Ruperto"]
[Black "Ochkoos, Jura"]
[Result "1-0"]
[WhiteElo "2224"]
[BlackElo "2329"]
[PlyCount "98"]
[GameId "2160767911999506"]
[EventDate "1997.01.15"]
[EventType "tourn"]
[EventRounds "11"]
[EventCountry "CAN"]
[SourceTitle "EXT 97"]
[Source "ChessBase"]
[SourceDate "1997.11.17"]
[SourceVersion "1"]
[SourceVersionDate "1997.11.17"]
[SourceQuality "1"]

1. c4 e5 2. Nc3 d6 3. g3 g6 4. Bg2 Bg7 5. d3 Nf6 6. Nf3 O-O 7. O-O Re8 8. Rb1 h6 9. Bd2 c6 10. e4 Nbd7 11. h3 Nf8 12. Be3 Ne6 13. Qd2 Kh7 14. b4 Nc7 15. d4 exd4 16. Nxd4 d5 17. exd5 cxd5 18. c5 a6 19. Rfe1 Bd7 20. a4 Ne4 21. Nxe4 dxe4 22. b5 axb5 23. axb5 Nd5 24. c6 bxc6 25. bxc6 Bc8 26. Nb5 Nxe3 27. Qxe3 f5 28. Red1 Qa5 29. Bf1 Re7 30. Qc5 Re5 31. Qd6 e3 32. fxe3 Rxe3 33. Bg2 Qa2 34. Bd5 Qc2 35. Rbc1 Qb2 36. Rb1 Qc2 37. Rbc1 Qb2 38. Rb1 Qe2 39. Re1 Qd3 40. Rxe3 Qxe3+ 41. Kh1 Ba6 42. c7 Re8 43. Qxa6 Qd3 44. Qa2 f4 45. Qb3 Qd2 46. gxf4 Re2 47. Qf3 Qc2 48. Qxe2 Qxb1+ 49. Kg2 Qc1 1-0

[Event "Toronto Closed"]
[Site "Toronto CAN"]
[Date "1997.01.25"]
[Round "4"]
[White "Livshits, Ron"]
[Black "Findlay, Ian"]
[Result "1-0"]
[WhiteElo "2490"]
[BlackElo "2391"]
[PlyCount "45"]
[GameId "2160767911999507"]
[EventDate "1997.01.15"]
[EventType "tourn"]
[EventRounds "11"]
[EventCountry "CAN"]
[SourceTitle "EXT 97"]
[Source "ChessBase"]
[SourceDate "1997.11.17"]
[SourceVersion "1"]
[SourceVersionDate "1997.11.17"]
[SourceQuality "1"]

1. d4 Nf6 2. c4 e6 3. Nc3 d5 4. cxd5 exd5 5. Bg5 Be7 6. e3 O-O 7. Bd3 Nbd7 8. Nf3 c6 9. Qc2 Re8 10. O-O Nf8 11. h3 Ne4 12. Bf4 Ng5 13. Bxg5 Bxg5 14. b4 a6 15. a4 Be7 16. b5 c5 17. bxa6 bxa6 18. Nxd5 Bb7 19. Nxe7+ Rxe7 20. Qxc5 Bxf3 21. gxf3 Re6 22. f4 Qh4 23. Qg5 1-0

[Event "Toronto Closed"]
[Site "Toronto CAN"]
[Date "1997.01.25"]
[Round "4"]
[White "McGarrett, Ian"]
[Black "Veltmann, Martin"]
[Result "1-0"]
[WhiteElo "2303"]
[BlackElo "2241"]
[PlyCount "57"]
[GameId "2160767911999508"]
[EventDate "1997.01.15"]
[EventType "tourn"]
[EventRounds "11"]
[EventCountry "CAN"]
[SourceTitle "EXT 97"]
[Source "ChessBase"]
[SourceDate "1997.11.17"]
[SourceVersion "1"]
[SourceVersionDate "1997.11.17"]
[SourceQuality "1"]

1. Nf3 Nf6 2. g3 g6 3. Bg2 Bg7 4. O-O d6 5. d4 O-O 6. c4 c5 7. Nc3 Nc6 8. d5 Na5 9. Nd2 a6 10. Rb1 b6 11. h3 Ra7 12. e4 e6 13. a3 exd5 14. exd5 Bf5 15. Nce4 Nxe4 16. Nxe4 Bxe4 17. Bxe4 Nxc4 18. b3 Ne5 19. f4 Nd7 20. f5 Ne5 21. g4 Qh4 22. Bg2 Bh6 23. Bb2 Re8 24. b4 Nc4 25. fxg6 hxg6 26. bxc5 bxc5 27. Qa4 Rae7 28. Qxc4 Be3+ 29. Kh2 1-0

[Event "Toronto Closed"]
[Site "Toronto CAN"]
[Date "1997.01.25"]
[Round "4"]
[White "Williams, Paul"]
[Black "Kret, Ted"]
[Result "1-0"]
[WhiteElo "2229"]
[BlackElo "2294"]
[PlyCount "81"]
[GameId "2160767911999509"]
[EventDate "1997.01.15"]
[EventType "tourn"]
[EventRounds "11"]
[EventCountry "CAN"]
[SourceTitle "EXT 97"]
[Source "ChessBase"]
[SourceDate "1997.11.17"]
[SourceVersion "1"]
[SourceVersionDate "1997.11.17"]
[SourceQuality "1"]

1. c4 Nf6 2. Nc3 g6 3. e4 d6 4. d4 Bg7 5. Nf3 O-O 6. Be2 e5 7. Be3 Nc6 8. O-O Ng4 9. Bg5 f6 10. Bh4 Ne7 11. h3 Nh6 12. dxe5 dxe5 13. Qxd8 Rxd8 14. Nd5 Nxd5 15. cxd5 g5 16. Bg3 Nf7 17. Rac1 Rd7 18. Nd2 Nd6 19. Rc2 a6 20. Rfc1 Bh6 21. Bg4 Nb5 22. Bxd7 Bxd7 23. Rxc7 Rd8 24. Nb3 g4 25. Rxd7 Rxd7 26. Rc8+ Kf7 27. Nc5 Re7 28. a4 Nd6 29. Rd8 Rc7 30. Rxd6 Rxc5 31. Bxe5 Bg5 32. Bc3 gxh3 33. gxh3 Rc4 34. Rd7+ Kg6 35. Re7 Rxa4 36. b3 Ra3 37. Rxb7 a5 38. d6 a4 39. d7 f5 40. exf5+ Kh5 41. f6 1-0

[Event "Toronto Closed"]
[Site "Toronto CAN"]
[Date "1997.01.25"]
[Round "4"]
[White "Zugic, Igor"]
[Black "Nickoloff, Bryon"]
[Result "0-1"]
[WhiteElo "2286"]
[BlackElo "2499"]
[PlyCount "52"]
[GameId "2160767911999510"]
[EventDate "1997.01.15"]
[EventType "tourn"]
[EventRounds "11"]
[EventCountry "CAN"]
[SourceTitle "EXT 97"]
[Source "ChessBase"]
[SourceDate "1997.11.17"]
[SourceVersion "1"]
[SourceVersionDate "1997.11.17"]
[SourceQuality "1"]

1. d4 d5 2. Nf3 c5 3. dxc5 e6 4. e4 Bxc5 5. exd5 exd5 6. Bb5+ Nc6 7. O-O Nge7 8. Nbd2 O-O 9. Nb3 Bd6 10. c3 Qc7 11. Bg5 Bg4 12. h3 Bh5 13. Be2 Bg6 14. Nh4 Be4 15. Nf3 Rfe8 16. Re1 Nf5 17. Nbd4 Nfxd4 18. Nxd4 Nxd4 19. cxd4 Qb6 20. Bc1 Bb4 21. Rf1 Qg6 22. Bg4 h5 23. Bf3 Bc2 24. Qe2 Rxe2 25. Bxe2 Be4 26. f3 Bd3 0-1

[Event "Toronto Closed"]
[Site "Toronto CAN"]
[Date "1997.??.??"]
[Round "5"]
[White "Findlay, Ian"]
[Black "Day, Lawrence"]
[Result "1/2-1/2"]
[WhiteElo "2355"]
[BlackElo "2415"]
[PlyCount "68"]
[GameId "2160767911999511"]
[EventDate "1997.01.15"]
[EventType "tourn"]
[EventRounds "11"]
[EventCountry "CAN"]
[SourceTitle "EXT 1998"]
[Source "ChessBase"]
[SourceDate "1997.11.17"]
[SourceVersion "1"]
[SourceVersionDate "1997.11.17"]
[SourceQuality "1"]

1. e4 d5 2. exd5 Qxd5 3. Nc3 Qa5 4. d4 Nf6 5. Nf3 c6 6. Bc4 Bf5 7. Bd2 e6 8. Ne4 Qc7 9. Ng3 Bg4 10. h3 Bxf3 11. Qxf3 Nbd7 12. Ne4 Nxe4 13. Qxe4 Nf6 14. Qf3 O-O-O 15. c3 c5 16. dxc5 Bxc5 17. O-O-O Qc6 18. Qxc6+ bxc6 19. f3 Nd5 20. Rhe1 Rhe8 21. b4 Bf2 22. Re2 Bg3 23. Kc2 Kc7 24. Be1 Bxe1 25. Rexe1 h5 26. Bxd5 exd5 27. g4 hxg4 28. hxg4 Kd6 29. Kd3 Rxe1 30. Rxe1 Rh8 31. a4 Rh3 32. Ke3 Rh2 33. Rb1 a6 34. b5 axb5 1/2-1/2